00614nam a22001817a 450000500170000001000150001702000260003203500140005803700090007208200130008110000190009424500620011325000080017526000740018327001270025730000290038470000190041320260515144944.0 aENG-148488 a9789371363556c815.00 aEN-132020 bDBAD a658.326 aMahajan, Mahak aNTA-UGC Management Paper-2 /cMahak Mahajan & Rahat Arora a6th aNoida, Uttar PradeshbPearson India Education Services Pvt. Ltdc2026 a1st Floor, Berger Tower, Plot No. C-001A/2, Sector 16B, bNoida, Uttar Pradeshe201301mcompanysecretary.india@pearson.com avarious pagesc26cm(pbk) a Arora, Rahat